Cities in the Minneapolis Metro Area on a Map - Statistics

General Stats
  • This quiz has been taken 591 times
  • The average score is 28 of 73
Answers on the Map
Answers color-coded by a green-red scale on the quiz's map according to % correct below.
 
Answer Stats
City Population % Correct
Minneapolis 429,988
98%
St. Paul 311,516
98%
Bloomington 89,981
81%
Brooklyn Park 86,461
65%
Minnetonka 53,790
63%
Edina 53,481
62%
Eden Prairie 64,198
59%
Eagan 68,859
58%
Plymouth 81,018
58%
Apple Valley 56,367
55%
Maple Grove 70,266
55%
Blaine 70,216
54%
Coon Rapids 63,627
52%
Lakeville 69,497
52%
South St. Paul 20,756
51%
St. Louis Park 50,008
51%
Burnsville 64,324
50%
Anoka 17,931
48%
West St. Paul 20,601
48%
Woodbury 75,106
48%
Brooklyn Center 33,780
45%
Roseville 36,263
45%
Shakopee 43,701
45%
Stillwater 19,385
43%
North St. Paul 12,368
42%
Richfield 37,006
40%
White Bear Lake 24,870
40%
Maplewood 42,086
39%
Hudson 14,749
38%
Inver Grove Heights 35,809
38%
Savage 32,458
38%
Rosemount 25,650
37%
Chanhassen 25,951
36%
Golden Valley 22,554
36%
Hastings 22,160
36%
Chaska 27,812
35%
Fridley 29,578
35%
Cottage Grove 38,835
34%
Farmington 23,676
32%
Hopkins 19,079
32%
Elk River 25,841
31%
Prior Lake 27,612
31%
Forest Lake 20,611
30%
Mendota Heights 11,738
30%
Ramsey 27,640
30%
Andover 32,596
28%
Columbia Heights 21,963
28%
Crystal 23,330
28%
Lino Lakes 21,410
27%
Little Canada 10,819
27%
Oakdale 28,297
27%
Shoreview 26,932
27%
New Hope 21,986
26%
Rogers 13,299
26%
Champlin 23,915
25%
Hugo 15,756
25%
Lake Elmo 11,335
25%
Monticello 14,460
25%
Robbinsdale 14,635
24%
St. Michael 18,223
24%
Buffalo 16,180
23%
River Falls 16,191
23%
Vadnais Heights 12,914
23%
Big Lake 11,684
21%
Ham Lake 16,473
21%
New Brighton 23,456
21%
Waconia 13,030
21%
Mounds View 13,254
19%
North Branch 10,788
19%
Otsego 19,966
19%
East Bethel 11,785
18%
Victoria 10,558
18%
New Richmond 10,080
16%
No matching quizzes found
Score Distribution
Percent of People with Each Score
Percentile by Number Answered
Your Score History
You have not taken this quiz